[Event "47th World Open"]
[Site "Philadelphia"]
[Date "2019.07.07"]
[Round "9.3"]
[White "Melkumyan, Hrant"]
[Black "Burke, John M"]
[Result "1-0"]
[WhiteElo "2658"]
[BlackElo "2562"]
[PlyCount "99"]
[EventDate "2019.07.??"]
[EventType "swiss"]
[EventRounds "9"]
[EventCountry "USA"]

1. Nf3 Nf6 2. c4 g6 3. Nc3 Bg7 4. d4 d5 5. h4 c6 6. cxd5 cxd5 7. Bf4 Nc6 8. e3
O-O 9. Qb3 Na5 10. Qa3 Nc6 11. Rc1 Bf5 12. Be2 Ne4 13. Qb3 Nxc3 14. Rxc3 Na5
15. Qb5 a6 16. Qb4 Rc8 17. Rxc8 Bxc8 18. O-O Nc6 19. Qb3 Re8 20. Rc1 e5 21.
dxe5 Nxe5 22. Bxe5 Bxe5 23. Rd1 Qc7 24. Nxe5 Rxe5 25. Bf3 Bf5 26. Rxd5 Be4 27.
Bxe4 Rxe4 28. g3 Rc4 29. Qd3 Qc6 30. Kh2 h5 31. Rd6 Qc5 32. Kg2 a5 33. Qd5
Qxd5+ 34. Rxd5 Rb4 35. b3 b6 36. Kf3 Kf8 37. Ke2 Ke7 38. Kd3 Ke6 39. e4 f5 40.
f3 fxe4+ 41. fxe4 Ke7 42. Ke3 Ke6 43. Rd4 Rb5 44. Kf4 Ke7 45. Rc4 Ke6 46. Rc6+
Kf7 47. Rd6 Rb4 48. Kg5 Rxe4 49. Rf6+ Ke7 50. Rxg6 1-0

[Event "47th World Open"]
[Site "Philadelphia"]
[Date "2019.07.07"]
[Round "9.4"]
[White "Robson, Ray"]
[Black "Fedorowicz, John"]
[Result "1-0"]
[WhiteElo "2652"]
[BlackElo "2420"]
[PlyCount "77"]
[EventDate "2019.07.??"]
[EventType "swiss"]
[EventRounds "9"]
[EventCountry "USA"]

1. e4 c5 2. Nf3 e6 3. d4 cxd4 4. Nxd4 a6 5. Bd3 Bc5 6. Nb3 Be7 7. Qg4 g6 8. a4
d6 9. Qe2 Nc6 10. a5 Nf6 11. Bh6 Bf8 12. Be3 Bg7 13. O-O O-O 14. Nc3 Bd7 15.
Rfd1 Qe7 16. Qd2 Rfd8 17. Bb6 Rdc8 18. Be2 d5 19. exd5 Nxd5 20. Nxd5 exd5 21.
c3 Be6 22. Bf3 Ne5 23. Bxd5 Bxd5 24. Qxd5 Nc4 25. Bc5 Qe6 26. Qxe6 fxe6 27.
Rab1 Nxa5 28. Nxa5 Rxc5 29. Nxb7 Rc6 30. Nd6 Rb8 31. Ne4 Rcb6 32. Rd2 Rb3 33.
Rc2 a5 34. Kf1 Ra3 35. bxa3 Rxb1+ 36. Ke2 Ra1 37. c4 Rxa3 38. c5 Ra4 39. c6 1-0

[Event "47th World Open"]
[Site "Philadelphia"]
[Date "2019.07.07"]
[Round "9"]
[White "Sheng, Joshua"]
[Black "Bruzon Batista, Lazaro"]
[Result "1/2-1/2"]
[WhiteElo "2449"]
[BlackElo "2661"]
[PlyCount "103"]
[EventDate "2019.07.??"]
[EventType "swiss"]
[EventRounds "9"]
[EventCountry "USA"]

1. e4 e5 2. Nf3 Nc6 3. Bc4 Nf6 4. d3 Be7 5. O-O O-O 6. Re1 d6 7. a4 a5 8. c3
Kh8 9. Nbd2 Nd7 10. d4 Nb6 11. Bb5 exd4 12. Bxc6 dxc3 13. Bb5 cxd2 14. Bxd2 c6
15. Be2 d5 16. Qc2 dxe4 17. Qxe4 Bf6 18. Rad1 Re8 19. Qc2 Nd5 20. Bc3 Bxc3 21.
bxc3 Qf6 22. Nd4 Bd7 23. Qb3 Rab8 24. Bf3 Rxe1+ 25. Rxe1 Nf4 26. Rb1 c5 27. Nc2
Bf5 28. Re1 Nd3 29. Rf1 Ne5 30. Bd5 c4 31. Qb2 Bd3 32. Re1 Qd6 33. Ne3 Qc5 34.
h3 b5 35. axb5 Rxb5 36. Qd2 g5 37. Nxc4 Nxc4 38. Qxg5 Nd6 39. Qf6+ Kg8 40.
Bxf7+ Nxf7 41. Re8+ Qf8 42. Qe7 Qxe8 43. Qxe8+ Kg7 44. Qd7 Rb1+ 45. Kh2 Bc2 46.
c4 a4 47. c5 a3 48. c6 a2 49. c7 a1=Q 50. Qg4+ Bg6 51. c8=Q h5 52. Qf4 1/2-1/2

[Event "47th World Open"]
[Site "Philadelphia"]
[Date "2019.07.07"]
[Round "9"]
[White "Wang, Justin"]
[Black "Nyzhnyk, Illya"]
[Result "0-1"]
[WhiteElo "2457"]
[BlackElo "2657"]
[PlyCount "170"]
[EventDate "2019.07.??"]
[EventType "swiss"]
[EventRounds "9"]
[EventCountry "USA"]

1. e4 c6 2. d4 d5 3. e5 Bf5 4. Nf3 e6 5. Be2 Ne7 6. c3 h6 7. Nbd2 Nd7 8. O-O a6
9. Re1 Qc7 10. Nf1 Bh7 11. Ng3 c5 12. Bd3 Bxd3 13. Qxd3 Nc6 14. Bd2 b5 15. a3
c4 16. Qc2 Nb6 17. h4 O-O-O 18. h5 Kb7 19. Nh2 Rg8 20. Ng4 Be7 21. Bf4 Na5 22.
Ne2 Nb3 23. Rad1 a5 24. Nc1 Nxc1 25. Rxc1 Ra8 26. Bd2 Rh8 27. Re3 Nd7 28. Rf3
Raf8 29. Re1 Nb8 30. Rg3 Bh4 31. Rh3 Bd8 32. Ree3 Nc6 33. Ref3 Qd7 34. Rhg3 Bh4
35. Rh3 Be7 36. Rhg3 Qd8 37. Re3 Bg5 38. Re1 Ne7 39. Rh3 Nf5 40. Qc1 Kc6 41.
Qc2 Qd7 42. Qc1 Qe7 43. Rf1 Rb8 44. f4 Bh4 45. Ne3 Ng3 46. Rxg3 Bxg3 47. Rf3
Qh4 48. Nf1 Bxf4 49. Rxf4 Qxh5 50. Qc2 Qg6 51. Ne3 Qxc2 52. Nxc2 Rbf8 53. Ne3
Kd7 54. Ng4 Ke7 55. Rf2 Ke8 56. Kf1 h5 57. Nh2 f6 58. Nf3 h4 59. Kg1 Rh5 60.
Re2 Kf7 61. Kh2 Rfh8 62. Kh3 Rg8 63. Bc1 Rgh8 64. Bd2 f5 65. Ng5+ Rxg5 66. Bxg5
Rh5 67. Bd8 g5 68. Kh2 Kg6 69. Bxa5 g4 70. Bd8 f4 71. Re1 Kf5 72. Rf1 Ke4 73.
Re1+ Kd3 74. Kg1 g3 75. Rf1 Ke4 76. Re1+ Kf5 77. Rf1 Kg4 78. a4 h3 79. gxh3+
Rxh3 80. axb5 f3 81. b6 g2 82. Kf2 gxf1=Q+ 83. Kxf1 Kg3 84. Ke1 f2+ 85. Ke2 Kg2
0-1

[Event "47th World Open"]
[Site "Philadelphia"]
[Date "2019.07.07"]
[Round "9"]
[White "Pashikian, Arman"]
[Black "Shetty, Atulya"]
[Result "1-0"]
[WhiteElo "2601"]
[BlackElo "2420"]
[PlyCount "121"]
[EventDate "2019.07.??"]
[EventType "swiss"]
[EventRounds "9"]
[EventCountry "USA"]

1. d4 d5 2. Nf3 Nf6 3. c4 c6 4. e3 g6 5. Nc3 a6 6. b3 Bg7 7. Bb2 O-O 8. Be2 Bg4
9. h3 Bxf3 10. Bxf3 e6 11. O-O Nbd7 12. Qc2 Rc8 13. Rfd1 Qa5 14. Qd2 Qc7 15.
Rac1 Qb8 16. e4 dxc4 17. bxc4 c5 18. d5 exd5 19. exd5 b5 20. cxb5 axb5 21. d6
Ne5 22. Nd5 Nxd5 23. Bxd5 c4 24. Be4 Rfd8 25. Bc3 Nd7 26. Ba5 Re8 27. Bc7 Rxc7
28. dxc7 Qxc7 29. Qxd7 Qxd7 30. Rxd7 Rxe4 31. Rb7 Bb2 32. Rc2 c3 33. Rxb5 Ra4
34. Rbxb2 cxb2 35. Rxb2 h5 36. Kf1 g5 37. Ke2 Ra3 38. Kd2 Kg7 39. Kc2 h4 40.
Kb1 Ra6 41. f3 f5 42. Rb4 Rd6 43. a4 Rd1+ 44. Ka2 Rd2+ 45. Rb2 Rd3 46. Kb1 Kf6
47. Ra2 g4 48. Kc2 Re3 49. a5 Kg5 50. a6 gxf3 51. gxf3 Kf4 52. a7 Re2+ 53. Kb3
Re8 54. a8=Q Rxa8 55. Rxa8 Kxf3 56. Rg8 Kf2 57. Kc2 f4 58. Kd2 f3 59. Rf8 Kg2
60. Ke1 Kxh3 61. Kf2 1-0

[Event "47th World Open"]
[Site "Philadelphia"]
[Date "2019.07.07"]
[Round "9"]
[White "Ghaem Maghami, Ehsan"]
[Black "Kavutskiy, Konstantin"]
[Result "1/2-1/2"]
[WhiteElo "2544"]
[BlackElo "2412"]
[PlyCount "58"]
[EventDate "2019.07.??"]
[EventType "swiss"]
[EventRounds "9"]
[EventCountry "USA"]

1. c4 g6 2. d4 Nf6 3. Nc3 Bg7 4. g3 O-O 5. Bg2 d6 6. Nf3 Nc6 7. O-O e5 8. dxe5
dxe5 9. Qxd8 Rxd8 10. Bg5 Be6 11. Nd2 h6 12. Bxf6 Bxf6 13. Rfd1 Be7 14. Nd5
Rac8 15. Nxe7+ Nxe7 16. b3 b6 17. f4 exf4 18. gxf4 Rd4 19. e3 Rd3 20. Nf1 Rcd8
21. Rxd3 Rxd3 22. Kf2 Rd8 23. Re1 a5 24. Re2 f6 25. Rd2 Rxd2+ 26. Nxd2 Kf7 27.
Ne4 a4 28. Nc3 axb3 29. axb3 Ke8 1/2-1/2

[Event "47th World Open"]
[Site "Philadelphia"]
[Date "2019.07.07"]
[Round "9"]
[White "Rohde, Michael"]
[Black "Chirila, Ioan-Cristian"]
[Result "1/2-1/2"]
[WhiteElo "2332"]
[BlackElo "2534"]
[PlyCount "61"]
[EventDate "2019.07.??"]
[EventType "swiss"]
[EventRounds "9"]
[EventCountry "USA"]

1. Nf3 Nf6 2. g3 g6 3. Bg2 Bg7 4. d4 d5 5. O-O O-O 6. c4 dxc4 7. Na3 c3 8. bxc3
c5 9. Bb2 Qb6 10. Nc4 Qa6 11. Nce5 Ne4 12. Qd3 Nf6 13. Qxa6 Nxa6 14. Nd2 Rd8
15. Nb3 Nd5 16. c4 Nb6 17. dxc5 Na4 18. c6 Nxb2 19. cxb7 Rb8 20. bxc8=Q Rbxc8
21. Nc6 Rd7 22. Rac1 Rdc7 23. Nba5 Bf6 24. Rc2 Na4 25. Rb1 N6c5 26. Rb8 Rxb8
27. Nxb8 Nc3 28. Bf3 Nb1 29. Nbc6 Na4 30. e3 Bc3 31. Rc1 1/2-1/2

[Event "47th World Open"]
[Site "Philadelphia"]
[Date "2019.07.07"]
[Round "9"]
[White "Fishbein, Alexander"]
[Black "Homa, Seth"]
[Result "1-0"]
[WhiteElo "2432"]
[BlackElo "2281"]
[PlyCount "63"]
[EventDate "2019.07.??"]
[EventType "swiss"]
[EventRounds "9"]
[EventCountry "USA"]

1. e4 c5 2. Nf3 Nc6 3. d4 cxd4 4. Nxd4 e6 5. Nc3 Qc7 6. g3 a6 7. Bg2 Nf6 8. O-O
Nxd4 9. Qxd4 Bc5 10. Bf4 d6 11. Qd2 h6 12. Rad1 e5 13. Be3 Be6 14. Bxc5 dxc5
15. Nd5 Bxd5 16. exd5 Qd6 17. c4 O-O 18. Bh3 Rae8 19. Rfe1 Re7 20. Qa5 Rb8 21.
b4 b5 22. bxc5 Qxc5 23. d6 Ree8 24. d7 Red8 25. cxb5 axb5 26. Rc1 Qe7 27. Rc8
Nxd7 28. Qxd8+ Qxd8 29. Rxd8+ Rxd8 30. Rd1 Ra8 31. Bxd7 Rxa2 32. Bxb5 1-0

[Event "47th World Open"]
[Site "Philadelphia"]
[Date "2019.07.07"]
[Round "9"]
[White "Mishra, Abhimanyu"]
[Black "Lapshun, Yury"]
[Result "0-1"]
[WhiteElo "2208"]
[BlackElo "2392"]
[PlyCount "122"]
[EventDate "2019.07.??"]
[EventType "swiss"]
[EventRounds "9"]
[EventCountry "USA"]

1. e4 c6 2. d4 d5 3. e5 Bf5 4. Nf3 e6 5. Be2 Nd7 6. O-O Ne7 7. Nbd2 Ng6 8. Nb3
f6 9. Ne1 fxe5 10. g4 e4 11. gxf5 exf5 12. f4 Bd6 13. Ng2 Nh4 14. Qe1 Nxg2 15.
Kxg2 O-O 16. Rg1 Rf6 17. Kf1 Nf8 18. Qf2 Rh6 19. Rg5 Qf6 20. h4 Qf7 21. Be3 Be7
22. Kg2 b6 23. Rc1 Rd6 24. Kf1 Bxg5 25. fxg5 Ne6 26. Bf4 Nxf4 27. Qxf4 Qe7 28.
Kf2 Rf8 29. Ke3 Kh8 30. Rd1 a5 31. Nd2 c5 32. Nf1 c4 33. Kf2 e3+ 34. Kg1 h6 35.
Nh2 hxg5 36. hxg5 Rg6 37. Nf3 Qe4 38. Qg3 Qg4 39. Kg2 Kg8 40. Rh1 Qe4 41. Qh4
Re8 42. Qh7+ Kf7 43. Kf1 f4 44. Qh3 Ke7 45. Ne5 Re6 46. Qh7 Kd8 47. Qxe4 dxe4
48. Bxc4 Rxe5 49. dxe5 Rxe5 50. g6 f3 51. a4 Ke7 52. Ke1 Rg5 53. Bf1 Kd6 54. c3
Rg1 55. Rh2 e2 56. Rxe2 fxe2 57. Kxe2 Rxg6 58. Ke3 Ke5 59. Bb5 Rg2 60. b4 axb4
61. cxb4 Rb2 0-1

[Event "47th World Open"]
[Site "Philadelphia"]
[Date "2019.07.07"]
[Round "9"]
[White "Kretchetov, Alexandre"]
[Black "Wang, Tianqi"]
[Result "1/2-1/2"]
[WhiteElo "2216"]
[BlackElo "2353"]
[PlyCount "95"]
[EventDate "2019.07.??"]
[EventType "swiss"]
[EventRounds "9"]
[EventCountry "USA"]

1. Nf3 Nf6 2. c4 c5 3. Nc3 b6 4. g3 Bb7 5. Bg2 e6 6. O-O Be7 7. Re1 d6 8. e4 a6
9. d4 cxd4 10. Nxd4 Qc7 11. Be3 Nbd7 12. Rc1 O-O 13. f4 Rfe8 14. Bf2 Bf8 15. b3
Rac8 16. h3 g6 17. Nf3 Nc5 18. Nh2 Qb8 19. b4 Ncd7 20. Qb3 Qa8 21. a3 e5 22.
Nd5 exf4 23. gxf4 Nxd5 24. cxd5 Bg7 25. Qd3 Rxc1 26. Rxc1 Rc8 27. Rc2 b5 28.
Nf3 Bh6 29. Be3 Rxc2 30. Qxc2 Qe8 31. Kf2 Nf6 32. Nd4 Qd8 33. Nc6 Qe8 34. Bf3
Qd7 35. e5 dxe5 36. fxe5 Bxe3+ 37. Kxe3 Qe8 38. Kd4 Nd7 39. Qe2 Nf8 40. Na5 Bc8
41. Bg4 h5 42. Bxc8 Qxc8 43. Qd3 Qc1 44. Nc6 Nd7 45. e6 Qf4+ 46. Qe4 Qd2+ 47.
Qd3 Qf4+ 48. Qe4 1/2-1/2

[Event "47th World Open"]
[Site "Philadelphia"]
[Date "2019.07.07"]
[Round "9"]
[White "Canty, James"]
[Black "Puckett, Matthew"]
[Result "1-0"]
[WhiteElo "2233"]
[BlackElo "2092"]
[PlyCount "53"]
[EventDate "2019.07.??"]
[EventType "swiss"]
[EventRounds "9"]
[EventCountry "USA"]

1. e4 c5 2. c3 Nf6 3. e5 Nd5 4. d4 cxd4 5. cxd4 d6 6. Nf3 e6 7. Bd3 Nc6 8. O-O
Be7 9. Qe2 O-O 10. Nc3 Nxc3 11. bxc3 dxe5 12. dxe5 f5 13. exf6 Bxf6 14. Ba3 Re8
15. Qc2 Qa5 16. Bxh7+ Kh8 17. Bd6 Rd8 18. Rad1 Bd7 19. Be4 Qxc3 20. Qe2 Be8 21.
Bb1 Bf7 22. Rd3 Qa5 23. Ne5 Nxe5 24. Rh3+ Kg8 25. Bh7+ Kh8 26. Bg6+ Kg8 27.
Rh8+ 1-0

[Event "47th World Open"]
[Site "Philadelphia"]
[Date "2019.07.07"]
[Round "9"]
[White "Mahajan, Rushaan"]
[Black "Bennett, David"]
[Result "0-1"]
[WhiteElo "1889"]
[BlackElo "2020"]
[PlyCount "102"]
[EventDate "2019.07.??"]
[EventType "swiss"]
[EventRounds "9"]
[EventCountry "USA"]

1. d4 d5 2. Bf4 c5 3. e3 Qb6 4. Nc3 e6 5. a3 Bd7 6. Rb1 Nf6 7. Nf3 Be7 8. h3
O-O 9. Be2 Rc8 10. O-O cxd4 11. exd4 Nc6 12. Bd3 g6 13. Ne2 Na5 14. c3 Bb5 15.
Bc2 Ne4 16. a4 Bc4 17. Ne5 Ba2 18. Ra1 Bb3 19. Bxb3 Qxb3 20. f3 Qxd1 21. Rfxd1
Nd6 22. b4 Nac4 23. Nd3 g5 24. Bg3 h5 25. Kf2 h4 26. Bh2 Nf5 27. Rdb1 b6 28. a5
bxa5 29. bxa5 Bd8 30. Rb7 Bxa5 31. Nc5 Bb6 32. Nd7 Kg7 33. Ra6 Kg6 34. Bb8 Ba5
35. Rb5 Bb6 36. Be5 Rd8 37. Nxb6 axb6 38. Rxa8 Rxa8 39. Bc7 Ra2 40. f4 Ng3 41.
f5+ exf5 42. Bxg3 hxg3+ 43. Kf3 g4+ 44. hxg4 fxg4+ 45. Kxg3 Rxe2 46. Rxd5 Rxg2+
47. Kxg2 Ne3+ 48. Kg3 Nxd5 49. c4 Ne3 50. c5 bxc5 51. dxc5 Kf5 0-1

[Event "47th World Open"]
[Site "Philadelphia"]
[Date "2019.07.07"]
[Round "9"]
[White "Harriott, Tyrell"]
[Black "Dembele, Marcel"]
[Result "1-0"]
[WhiteElo "2003"]
[BlackElo "1784"]
[PlyCount "61"]
[EventDate "2019.07.??"]
[EventType "swiss"]
[EventRounds "9"]
[EventCountry "USA"]

1. d4 Nf6 2. e3 g6 3. Bd3 Bg7 4. f4 d6 5. Nf3 c5 6. O-O Nc6 7. c3 cxd4 8. exd4
O-O 9. Qe1 Re8 10. Bb5 Qb6 11. Na3 a6 12. Ba4 Qc7 13. c4 Nd7 14. Be3 e5 15.
fxe5 dxe5 16. d5 Nb6 17. Bb3 Ne7 18. Qb4 Nd7 19. c5 Nf5 20. Bf2 Nd4 21. Nxd4
exd4 22. d6 Qxc5 23. Bxf7+ Kf8 24. Qxc5 Nxc5 25. Bxe8 Kxe8 26. Rae1+ Ne6 27.
Nc4 Bd7 28. Nb6 Rd8 29. Bh4 Rb8 30. Nd5 Bh6 31. Nc7# 1-0

[Event "47th World Open"]
[Site "Philadelphia"]
[Date "2019.07.07"]
[Round "8.2"]
[White "Ortiz Suarez, Isan Reynaldo"]
[Black "Corrales Jimenez, Fidel"]
[Result "0-1"]
[WhiteElo "2533"]
[BlackElo "2548"]
[PlyCount "62"]
[EventDate "2019.07.??"]
[EventType "swiss"]
[EventRounds "9"]
[EventCountry "USA"]

1. Nf3 c5 2. c4 Nc6 3. Nc3 g6 4. e3 Nf6 5. d4 cxd4 6. exd4 d5 7. cxd5 Nxd5 8.
Qb3 Nxc3 9. Bc4 e6 10. bxc3 Bd7 11. Be2 Na5 12. Qc2 Bg7 13. Ba3 Bf8 14. Bc1 Bg7
15. Ba3 Bf8 16. Bxf8 Kxf8 17. O-O Rc8 18. Rfe1 Kg7 19. Ne5 Nc6 20. Bf3 Nxd4 21.
Qd1 Nxf3+ 22. Qxf3 f6 23. Nxd7 Qxd7 24. Qe3 e5 25. Rad1 Qf7 26. Qxa7 Rxc3 27.
Rd6 Rhc8 28. Red1 R8c7 29. Qa4 Rc1 30. h3 Rxd1+ 31. Qxd1 Qxa2 0-1

[Event "47th World Open"]
[Site "Philadelphia"]
[Date "2019.07.07"]
[Round "8.3"]
[White "Nyzhnyk, Illya"]
[Black "Quesada Perez, Yasser"]
[Result "0-1"]
[WhiteElo "2657"]
[BlackElo "2572"]
[PlyCount "112"]
[EventDate "2019.07.??"]
[EventType "swiss"]
[EventRounds "9"]
[EventCountry "USA"]

1. e4 e5 2. Nf3 Nc6 3. Nc3 Nf6 4. Bb5 Bb4 5. d3 d6 6. O-O Bxc3 7. bxc3 Bg4 8.
h3 Bh5 9. g4 Bg6 10. Kg2 Nd7 11. Bg5 f6 12. Be3 Bf7 13. Nh4 Ne7 14. Ba4 c6 15.
Bb3 d5 16. exd5 Bxd5+ 17. Kg1 O-O 18. Qe2 Re8 19. Rae1 Nf8 20. Ng2 a5 21. f4 a4
22. Bxd5+ Nxd5 23. c4 Nxf4 24. Nxf4 exf4 25. Rxf4 Ng6 26. Rd4 Qc7 27. Qf2 Re7
28. c5 a3 29. Bd2 Rae8 30. Rxe7 Rxe7 31. Rd6 Ne5 32. Bf4 Qa5 33. Kg2 Nf7 34.
Rd4 Qb5 35. g5 fxg5 36. Bxg5 Re8 37. Be3 Qb1 38. c3 Ne5 39. Qe2 Ng6 40. Qd2 Rf8
41. Qe2 Qa1 42. Rc4 Ne5 43. Rb4 Ng6 44. d4 Rf7 45. Rb3 Re7 46. Kf2 Nf4 47. Qd2
Nd5 48. c4 Nxe3 49. Rxe3 Rf7+ 50. Rf3 Qb2 51. Qe2 Qxd4+ 52. Kg2 Rxf3 53. Kxf3
Qf6+ 54. Kg3 Kf7 55. Qe3 Qg6+ 56. Kf3 Qe6 0-1

[Event "47th World Open"]
[Site "Philadelphia"]
[Date "2019.07.07"]
[Round "8.4"]
[White "Burke, John M"]
[Black "Robson, Ray"]
[Result "1/2-1/2"]
[WhiteElo "2562"]
[BlackElo "2652"]
[PlyCount "70"]
[EventDate "2019.07.??"]
[EventType "swiss"]
[EventRounds "9"]
[EventCountry "USA"]

1. e4 e5 2. Nf3 Nc6 3. Bb5 a6 4. Ba4 Nf6 5. O-O b5 6. Bb3 Bb7 7. Re1 Be7 8. d4
Nxd4 9. Nxd4 exd4 10. e5 Ne4 11. Qg4 Ng5 12. Bxg5 Bxg5 13. Qxd4 O-O 14. Nc3 d6
15. exd6 Bf6 16. Qd3 Qxd6 17. Qxd6 cxd6 18. Rad1 Rfe8 19. Rxe8+ Rxe8 20. Kf1
Be5 21. Ne2 Bxb2 22. Rxd6 Bc8 23. c4 Be5 24. Rd5 Kf8 25. cxb5 axb5 26. Nd4 b4
27. Ba4 Bb7 28. Rd7 Ba6+ 29. Bb5 Bxb5+ 30. Nxb5 Ra8 31. Na7 Ke8 32. Rb7 Bb8 33.
Nc6 Bd6 34. Nxb4 Bxb4 35. Rxb4 Rxa2 1/2-1/2

[Event "47th World Open"]
[Site "Philadelphia"]
[Date "2019.07.07"]
[Round "8"]
[White "Vorontsov, Pavlo"]
[Black "Andriasian, Zaven"]
[Result "1/2-1/2"]
[WhiteElo "2548"]
[BlackElo "2589"]
[PlyCount "53"]
[EventDate "2019.07.??"]
[EventType "swiss"]
[EventRounds "9"]
[EventCountry "USA"]

1. d4 d5 2. c4 c6 3. cxd5 cxd5 4. Nc3 Nf6 5. Nf3 Nc6 6. Bf4 Bf5 7. e3 e6 8. Qb3
Bb4 9. Ne5 Bxc3+ 10. bxc3 Nxe5 11. Bxe5 O-O 12. Rc1 Rc8 13. Qxb7 Ne4 14. f3
Qh4+ 15. g3 Qh6 16. Bf4 g5 17. Bc7 g4 18. Bf4 Ng5 19. fxg4 Be4 20. h4 Bxh1 21.
Be2 f6 22. hxg5 fxg5 23. Bd6 Rfd8 24. Be5 Rf8 25. Bd6 Rfd8 26. Be5 Rf8 27. Bd6
1/2-1/2

[Event "47th World Open"]
[Site "Philadelphia"]
[Date "2019.07.07"]
[Round "8"]
[White "Fedorowicz, John"]
[Black "Hakobyan, Aram"]
[Result "1-0"]
[WhiteElo "2420"]
[BlackElo "2568"]
[PlyCount "101"]
[EventDate "2019.07.??"]
[EventType "swiss"]
[EventRounds "9"]
[EventCountry "USA"]

1. d4 Nf6 2. Nf3 e6 3. g3 b5 4. Bg2 Bb7 5. Bg5 Be7 6. O-O O-O 7. Qd3 d5 8. Bxf6
Bxf6 9. Nbd2 a5 10. Rfe1 c6 11. e4 Ba6 12. a3 Nd7 13. b4 Bb7 14. c3 Ra7 15. e5
Be7 16. Nb3 Nb6 17. Nxa5 Rxa5 18. bxa5 Na4 19. Nd2 Qxa5 20. Rec1 Ra8 21. h4 Qb6
22. Rcb1 Qa5 23. Rc1 Qb6 24. Rcb1 Qc7 25. Bf1 Qa5 26. Rc1 Qa7 27. Qc2 Rc8 28.
Bd3 h6 29. Qb3 h5 30. Nf3 Ba6 31. Rab1 g6 32. Ne1 Rb8 33. Qc2 Bxa3 34. Rd1 Bf8
35. Ra1 Bc8 36. Rdb1 Ra8 37. Ng2 Bd7 38. Nf4 Be8 39. Ne2 Qc7 40. Qd2 Ra5 41.
Bc2 c5 42. g4 Qa7 43. Bd3 Qe7 44. gxh5 Qxh4 45. hxg6 Bh6 46. Qe1 fxg6 47. Ng3
Bf4 48. Kg2 Qg5 49. dxc5 Bc6 50. Be2 Bd2 51. Qh1 1-0

[Event "47th World Open"]
[Site "Philadelphia"]
[Date "2019.07.07"]
[Round "8"]
[White "Chirila, Ioan-Cristian"]
[Black "Fishbein, Alexander"]
[Result "1-0"]
[WhiteElo "2534"]
[BlackElo "2432"]
[PlyCount "85"]
[EventDate "2019.07.??"]
[EventType "swiss"]
[EventRounds "9"]
[EventCountry "USA"]

1. Nf3 Nf6 2. g3 g6 3. Bg2 Bg7 4. O-O O-O 5. d4 d6 6. a4 a5 7. Nc3 Nc6 8. Nb5
Bf5 9. c3 Qc8 10. Nh4 Bg4 11. Qc2 Bh3 12. e4 Bxg2 13. Kxg2 e5 14. d5 Ne7 15. c4
Nd7 16. Be3 f5 17. exf5 gxf5 18. f4 e4 19. Bd4 Bxd4 20. Nxd4 Nc5 21. g4 fxg4
22. f5 Qe8 23. Qc3 Qh5 24. Qg3 Qg5 25. Rf4 h5 26. Kh1 e3 27. Raf1 Qf6 28. Qxe3
Qxh4 29. f6 Ng6 30. Nf5 Qh3 31. f7+ Kxf7 32. Qd4 Ne5 33. Nxd6+ Kg6 34. Nf7 Rxf7
35. Rxf7 Re8 36. R1f6+ Kg5 37. Rf5+ Kg6 38. R5f6+ Kg5 39. Rf5+ Kg6 40. R7f6+
Kh7 41. Rxe5 g3 42. Rf7+ Kg6 43. Rg5+ 1-0

[Event "47th World Open"]
[Site "Philadelphia"]
[Date "2019.07.07"]
[Round "8"]
[White "Bruzon Batista, Lazaro"]
[Black "Gauri, Shankar"]
[Result "1-0"]
[WhiteElo "2661"]
[BlackElo "2346"]
[PlyCount "123"]
[EventDate "2019.07.??"]
[EventType "swiss"]
[EventRounds "9"]
[EventCountry "USA"]

1. Nf3 d5 2. g3 g6 3. Bg2 Bg7 4. d4 Nf6 5. c4 c6 6. Qb3 O-O 7. O-O Qb6 8. Nc3
Rd8 9. Rd1 Bf5 10. Ne1 Be6 11. c5 Qxb3 12. axb3 Na6 13. h3 h6 14. Ra4 Ne4 15.
b4 Nc7 16. g4 h5 17. f3 Nxc3 18. bxc3 hxg4 19. hxg4 f6 20. Nd3 Bf7 21. Ra1 Nb5
22. Bd2 e5 23. e3 g5 24. Bf1 Be6 25. Nf2 Kf7 26. dxe5 fxe5 27. e4 a6 28. Bxb5
axb5 29. Bxg5 Rh8 30. Kg2 Ra4 31. Rxa4 bxa4 32. Ra1 Ra8 33. Ra3 d4 34. Bd2 Bc4
35. cxd4 exd4 36. f4 Bb3 37. Kf3 Rh8 38. Ra1 Rh2 39. Kg3 Rh8 40. Nh3 Ke7 41.
Ng5 Ra8 42. Nf3 a3 43. f5 a2 44. g5 Bc2 45. f6+ Bxf6 46. gxf6+ Kxf6 47. Kf4 Bb1
48. Be1 d3 49. Bc3+ Ke6 50. Nd2 Ra3 51. Bd4 Bc2 52. Ke3 Ra4 53. Bc3 Ra3 54. Kd4
Ra8 55. Rh1 Ra3 56. Rh6+ Kd7 57. Rh7+ Ke6 58. Ba1 Ra8 59. Rxb7 Rd8+ 60. Ke3 Rg8
61. Rg7 Rb8 62. Nf3 1-0

[Event "47th World Open"]
[Site "Philadelphia"]
[Date "2019.07.07"]
[Round "8"]
[White "Li, Ben"]
[Black "Cordova, Emilio"]
[Result "0-1"]
[WhiteElo "2358"]
[BlackElo "2615"]
[PlyCount "72"]
[EventDate "2019.07.??"]
[EventType "swiss"]
[EventRounds "9"]
[EventCountry "USA"]

1. d4 Nf6 2. c4 c5 3. d5 b5 4. cxb5 a6 5. e3 g6 6. Nc3 Bg7 7. Nf3 O-O 8. a4 Bb7
9. Ra3 e6 10. dxe6 fxe6 11. Be2 d5 12. O-O axb5 13. axb5 Nbd7 14. Qc2 Rc8 15.
Rd1 Qb6 16. b3 d4 17. Na4 Qd6 18. h3 Ne4 19. Nb2 Nxf2 20. Kxf2 Qh2 21. Nd3 Ne5
22. Nf4 Bxf3 23. Bxf3 g5 24. Qe4 dxe3+ 25. Bxe3 gxf4 26. Bd2 c4 27. bxc4 Rxc4
28. Qe2 Bf6 29. Rg1 Rc2 30. Ra8 Rxa8 31. Bxa8 Qg3+ 32. Kf1 Nc4 33. Qxe6+ Kg7
34. Qd7+ Kh6 35. Qe6 Nxd2+ 36. Ke2 Ne4+ 0-1

[Event "47th World Open"]
[Site "Philadelphia"]
[Date "2019.07.07"]
[Round "8"]
[White "Shabalov, Alexander"]
[Black "Peredun, Andrew"]
[Result "1/2-1/2"]
[WhiteElo "2500"]
[BlackElo "2344"]
[PlyCount "67"]
[EventDate "2019.07.??"]
[EventType "swiss"]
[EventRounds "9"]
[EventCountry "USA"]

1. c4 e6 2. Nc3 d5 3. d4 a6 4. cxd5 exd5 5. Nf3 Nf6 6. Bg5 Be6 7. e3 Nbd7 8.
Be2 h6 9. Bh4 Bd6 10. Rc1 c6 11. Bd3 O-O 12. O-O Re8 13. Bg3 Bxg3 14. hxg3 Bg4
15. Qb3 Rb8 16. Rfe1 Ne4 17. Qc2 Qe7 18. Nh2 Bh5 19. Nf1 Nd6 20. f3 Qf6 21. g4
Bg6 22. Bxg6 fxg6 23. Qf2 Rf8 24. Ng3 Rbe8 25. e4 dxe4 26. Ngxe4 Nxe4 27. Nxe4
Qf4 28. Qe3 Qxe3+ 29. Rxe3 Nf6 30. Nxf6+ gxf6 31. Kf2 Rd8 32. Re7 Rf7 33. Rxf7
Kxf7 34. Ke3 1/2-1/2

[Event "47th World Open"]
[Site "Philadelphia"]
[Date "2019.07.07"]
[Round "8"]
[White "Homa, Seth"]
[Black "Brodsky, David"]
[Result "1/2-1/2"]
[WhiteElo "2281"]
[BlackElo "2432"]
[PlyCount "111"]
[EventDate "2019.07.??"]
[EventType "swiss"]
[EventRounds "9"]
[EventCountry "USA"]

1. c4 b6 2. Nc3 Bb7 3. e4 e5 4. Nf3 Nc6 5. g3 Bc5 6. Bg2 Nge7 7. O-O O-O 8. Nd5
d6 9. d3 f5 10. Bg5 Qd7 11. Bh3 Nxd5 12. cxd5 Nd4 13. Nxd4 Bxd4 14. Qb3 Qe8 15.
Be3 Qh5 16. Bg2 Bxe3 17. fxe3 Qg5 18. Rae1 fxe4 19. Bxe4 Rxf1+ 20. Kxf1 Rf8+
21. Kg1 Bc8 22. Qc2 h5 23. Qg2 Bg4 24. h4 Qh6 25. Qd2 Qf6 26. Bg2 Qg6 27. Rf1
Rxf1+ 28. Kxf1 Kf8 29. Qf2+ Ke7 30. Be4 Qe8 31. Qc2 Kd8 32. Qc6 Qxc6 33. dxc6
Be6 34. a3 Ke7 35. d4 exd4 36. exd4 Bf7 37. Kf2 d5 38. Bf5 Be8 39. Ke3 Bxc6 40.
Kf4 Kf6 41. b4 Ba4 42. Bc8 Be8 43. Bf5 Bf7 44. Bc8 Be6 45. Bb7 Bg8 46. Bc8 Bf7
47. Bh3 Be6 48. Bg2 g6 49. Bf1 Bf5 50. Ba6 Bd7 51. Bd3 Be8 52. g4 hxg4 53. Kxg4
Ba4 54. Kf4 Bb3 55. Bb1 Ba4 56. Bd3 1/2-1/2